| 000 | 00947nam a2200229 4500 | ||
|---|---|---|---|
| 001 | sa 68012082 | ||
| 003 | DLC | ||
| 005 | 20260227112606.0 | ||
| 008 | 691027s1954 pk 00000 eng | ||
| 010 | _asa 68012082 | ||
| 025 | _aPL480:P-E-1425 | ||
| 050 | 0 |
_aHJ9927.P13 _bA46 1967 |
|
| 082 | _a657.6/09549 | ||
| 110 | 1 | 0 |
_aPakistan. _bComptroller and Auditor General. |
| 245 | 1 | _aAn introduction to the accounts and audit of the Government of Pakistan (provisional issue) | |
| 250 | _a1st [Pakistan] ed. | ||
| 260 | 0 |
_aKarachi _b[Manager of Publications, Govt. of Pakistan] _c1954 [cover 1967] |
|
| 300 |
_axxiv, 211 p. _c25 cm. |
||
| 350 | _a6.00 | ||
| 500 | _a"In this edition, the contents of An introduction to Indian Government accounts and audit, second edition, have been reproduced with such modifications as are consistent with the present constitutional set-up of Pakistan." | ||
| 650 | 0 |
_aFinance, Public _zPakistan _xAccounting. |
|
| 999 |
_c84297 _d84297 |
||